[Event "11"]
[Site "11 Munich"]
[Date "1993.??.??"]
[Round "?"]
[White "Lautier, Joel"]
[Black "Bareev, Evgeny I"]
[Result "0-1"]
[WhiteElo "2645"]
[BlackElo "2670"]
[PlyCount "53"]
[EventDate "1993.??.??"]
[Source "www.chesslib.no"]
[SourceDate "2004.05.04"]

1. Nf3 f5 2. d4 Nf6 3. g3 g6 4. Bg2 Bg7 5. O-O O-O 6. b3 d6 7. Bb2 Ng4 8. Nbd2 Nc6 9. Nc4 d5 10. Ncd2 e5 11. h3 e4 12. hxg4 exf3 13. Nxf3 fxg4 14. Ne5 Nxe5 15. dxe5 c6 16. f4 g5 17. Qd2 Be6 18. Rae1 Rf7 19. Ba3 h5 20. Qd3 h4 21. Qg6 Bf5 22. Qh5 hxg3 23. Bh3 Qe8 24. Kg2 gxf4 25. Rf3 Bxe5 26. Rxg3 c5 27. b4 0-1

[Event "Koop Tjuchem"]
[Site "Groningen"]
[Date "1996.??.??"]
[Round "2"]
[White "Sokolov, Ivan"]
[Black "Onischuk, Alexander"]
[Result "1/2-1/2"]
[WhiteElo "2670"]
[BlackElo "2605"]
[PlyCount "98"]
[EventDate "1996.12.20"]
[Source "ChessBase"]
[SourceDate "1997.04.10"]

1. d4 f5 2. g3 Nf6 3. Nh3 d6 4. Bg2 e5 5. O-O Nc6 6. c3 g6 7. dxe5 Nxe5 8. Qb3 c6 9. Nd2 Qe7 10. Nf4 g5 11. Nd3 Be6 12. Qc2 Bg7 13. Nb3 Nf7 14. Nd4 O-O 15. Ne1 Qd7 16. Nef3 Ne4 17. Nxe6 Qxe6 18. Qb3 Qe7 19. Be3 d5 20. c4 dxc4 21. Qxc4 Bxb2 22. Rad1 Bg7 23. Nd4 Ned6 24. Qc5 Qf6 25. Nb3 Rfe8 26. Bd4 Qe6 27. e3 Ne4 28. Qc2 Bxd4 29. Rxd4 Ned6 30. Rfd1 Rad8 31. h4 h6 32. hxg5 hxg5 33. a4 Qe5 34. a5 Nb5 35. Rxd8 Rxd8 36. Rxd8+ Nxd8 37. a6 bxa6 38. Qd3 Nf7 39. Bxc6 Kg7 40. Qd7 Kf6 41. Qb7 f4 42. Qxa6 Nc7 43. Qxa7 fxg3 44. f3 Qb2 45. Qd4+ Qxd4 46. Nxd4 Ne6 47. Nc2 g4 48. f4 Nxf4 49. exf4 Kf5 1/2-1/2

[Event "Groningen"]
[Site "?"]
[Date "1993.??.??"]
[Round "?"]
[White "van Wely, L."]
[Black "Malaniuk, V."]
[Result "0-1"]
[WhiteElo "2585"]
[BlackElo "2635"]
[PlyCount "92"]
[EventDate "1993.??.??"]
[Source "ChessBase"]
[SourceDate "1993.10.01"]

1. d4 f5 2. Nf3 Nf6 3. g3 g6 4. Bg2 Bg7 5. O-O O-O 6. b3 d6 7. Bb2 Ng4 8. c4 Nd7 9. h3 Nh6 10. Ng5 Nb8 11. Bd5+ Kh8 12. Be6 c6 13. Qd2 Na6 14. d5 Nc7 15. e4 Bxe6 16. dxe6 fxe4 17. Bxg7+ Kxg7 18. Qd4+ Kg8 19. Qxe4 Nf5 20. g4 Ng7 21. f4 d5 22. Qe5 Qd6 23. Qxd6 exd6 24. e7 Rf6 25. cxd5 cxd5 26. Nd2 Re8 27. Rfe1 h6 28. Rac1 Na6 29. Ngf3 Rxf4 30. Rc3 Kf7 31. a3 Rxe7 32. b4 Rxe1+ 33. Nxe1 Ke7 34. Nd3 Rf8 35. Nb3 Ne6 36. Na5 Nd4 37. Kg2 b6 38. Nc6+ Nxc6 39. Rxc6 Kd7 40. b5 Nc5 41. Nxc5+ dxc5 42. Rxg6 d4 43. Rxh6 d3 44. Rh7+ Ke6 45. Rh6+ Ke5 46. Rh7 Rd8 0-1

[Event "Biel"]
[Site "?"]
[Date "1995.??.??"]
[Round "?"]
[White "Zvjaginsev, V."]
[Black "Gavrikov, V."]
[Result "1-0"]
[WhiteElo "2600"]
[BlackElo "2605"]
[PlyCount "93"]
[EventDate "1995.??.??"]
[Source "ChessBase"]
[SourceDate "1995.06.01"]

1. d4 f5 2. Nf3 Nf6 3. g3 g6 4. Bg2 Bg7 5. O-O O-O 6. Nbd2 d6 7. c3 Nc6 8. b4 Qe8 9. Qb3+ Kh8 10. d5 Nd8 11. Bb2 a5 12. a3 e5 13. dxe6 Nxe6 14. e3 Qe7 15. c4 Bd7 16. Nd4 c5 17. Nxe6 a4 18. Qc2 Bxe6 19. bxc5 dxc5 20. Rab1 Ra7 21. Bc3 Qc7 22. Qb2 Nh5 23. Rfd1 Rd8 24. Bxg7+ Nxg7 25. Qf6 Kg8 26. Nf3 Rxd1+ 27. Rxd1 Ra8 28. Qe5 Qe7 29. h4 h6 30. Rd6 Re8 31. Qxc5 Rc8 32. Qe5 Rc7 33. c5 Bf7 34. Qxe7 Rxe7 35. Nd4 Rc7 36. Bd5 Bxd5 37. Rxd5 Kf7 38. Nb5 Re7 39. Nc3 Ne6 40. Nxa4 Nc7 41. Rd3 Na6 42. Rb3 g5 43. Rb6 Re4 44. Rxb7+ Kf8 45. Ra7 Rxa4 46. c6 Rxa3 47. c7 1-0

[Event "Bled-Rogaska"]
[Site "?"]
[Date "1991.??.??"]
[Round "?"]
[White "Kozul, Z."]
[Black "Nikolic, Pr"]
[Result "0-1"]
[WhiteElo "2580"]
[BlackElo "2620"]
[PlyCount "68"]
[EventDate "1991.??.??"]
[Source "www.chesslib.no"]
[SourceDate "2004.05.04"]

1. d4 f5 2. g3 Nf6 3. Bg2 e6 4. Nf3 d5 5. O-O Bd6 6. Ne5 O-O 7. c4 c6 8. Nd2 Nbd7 9. Ndf3 Ng4 10. Bg5 Qe8 11. Bf4 Ngxe5 12. Nxe5 Bxe5 13. Bxe5 Nxe5 14. dxe5 b6 15. b4 Bb7 16. Rc1 Qe7 17. Qd2 Rfd8 18. Qb2 Rac8 19. Rfd1 dxc4 20. Rxd8+ Rxd8 21. Rxc4 Rd1+ 22. Bf1 Qd7 23. Rc1 c5 24. Rxd1 Qxd1 25. f3 Qd5 26. bxc5 Qxc5+ 27. Kg2 h6 28. h3 Bd5 29. a3 h5 30. h4 a5 31. Kh3 Qe3 32. Qb5 Qxa3 33. Qxb6 a4 34. e4 Qxf3 0-1

[Event "Cap d'Agde Open"]
[Site "Cap d'Agde FRA"]
[Date "1994.??.??"]
[Round "?"]
[White "Kurajica, Bojan"]
[Black "Gurevich, Mikhail N"]
[Result "1-0"]
[WhiteElo "2565"]
[BlackElo "2610"]
[PlyCount "72"]
[EventDate "1994.10.??"]
[Source "www.chesslib.no"]
[SourceDate "2004.05.04"]

1. d4 f5 2. g3 Nf6 3. Nh3 g6 4. Nf4 d6 5. d5 c6 6. h4 e5 7. dxe6 d5 8. c4 Bb4+ 9. Bd2 Bc5 10. h5 Ne4 11. Nd3 Bd4 12. e3 Bg7 13. hxg6 hxg6 14. Rxh8+ Bxh8 15. cxd5 cxd5 16. Qb3 Bxe6 17. Bc3 Nxc3 18. Nxc3 Nd7 19. Nf4 Bf7 20. Nfxd5 Rc8 21. Rd1 Nc5 22. Qb5+ Kf8 23. Bg2 Be5 24. Qb4 a5 25. Qb5 Be8 26. Qe2 a4 27. Kf1 Qa5 28. Kg1 Ne6 29. e4 Nd4 30. Qe3 Nc2 31. Qh6+ Bg7 32. Qf4 Rc4 33. Qd6+ Kg8 34. Nf6+ Bxf6 35. Qxf6 Qa6 36. Qe7 Rc8 1-0

[Event "Cup"]
[Site "?"]
[Date "1997.??.??"]
[Round "?"]
[White "Ibragimov Ildar"]
[Black "Malaniuk Vladimir P"]
[Result "1/2-1/2"]
[WhiteElo "2555"]
[BlackElo "2610"]
[PlyCount "84"]
[EventDate "1997.??.??"]
[Source "www.chesslib.no"]
[SourceDate "2004.05.04"]

1. Nf3 f5 2. g3 Nf6 3. Bg2 d6 4. d4 g6 5. O-O Bg7 6. c3 O-O 7. Nbd2 Nc6 8. b4 a6 9. Qb3+ e6 10. Bb2 Ne4 11. Rfd1 Qf6 12. c4 Qf7 13. Rac1 Ne7 14. e3 h6 15. Qc2 Nxd2 16. Nxd2 g5 17. d5 e5 18. c5 Bd7 19. cxd6 cxd6 20. Qc7 Ba4 21. Re1 Nc8 22. e4 Qe8 23. Qxb7 Ra7 24. Qb8 Qd7 25. Nc4 Rb7 26. Qa8 Na7 27. Qxb7 Qxb7 28. Nxd6 Qxb4 29. Nc4 Rc8 30. Ba3 Qxc4 31. Rxc4 Rxc4 32. exf5 Nb5 33. Be7 Rd4 34. Bd6 Rd2 35. Bc5 Rd4 36. Bd6 Nxd6 37. Rb1 Rxd5 38. Rb6 Ne4 39. Bh3 Nd6 40. Kh1 Nxf5 41. f4 e4 42. g4 Rd7 1/2-1/2

[Event "Aeroflot Open"]
[Site "Moscow"]
[Date "2004.02.25"]
[Round "9"]
[White "Sakaev, Konstantin"]
[Black "Minasian, Ara"]
[Result "1-0"]
[WhiteElo "2656"]
[BlackElo "2499"]
[PlyCount "103"]
[EventDate "2004.02.17"]
[Source "Roberto Alvarez"]
[SourceDate "2004.03.01"]

1. d4 f5 2. Nf3 Nf6 3. g3 g6 4. Bg2 Bg7 5. b4 c6 6. c4 Na6 7. Qb3 d5 8. Nc3 dxc4 9. Qxc4 Nc7 10. Qd3 Nfd5 11. Nxd5 Qxd5 12. O-O Qb5 13. Qc2 Be6 14. Bf4 Nd5 15. Rab1 Nxf4 16. gxf4 Bd5 17. Qd2 Rd8 18. e3 O-O 19. Rfc1 Qa4 20. Rb2 Rd6 21. Ne5 Bxg2 22. Kxg2 Bxe5 23. fxe5 Rd5 24. Rc5 Rfd8 25. Qc2 Qxc2 26. Rbxc2 Kf7 27. h4 Ke6 28. Kf3 h6 29. Rc1 Rxc5 30. bxc5 g5 31. hxg5 hxg5 32. a4 f4 33. a5 fxe3 34. fxe3 Kd5 35. Rb1 Rb8 36. Kg4 Ke4 37. Rb3 Rg8 38. Rxb7 Kxe3 39. Rxa7 Kxd4 40. Rxe7 Kxc5 41. Rd7 Kb5 42. Rc7 Ra8 43. e6 Re8 44. Kf5 g4 45. a6 Rg8 46. a7 Kb6 47. Rg7 Rf8+ 48. Ke5 c5 49. e7 Ra8 50. Kd6 c4 51. Rxg4 Kb5 52. Re4 1-0

[Event "Tilburg"]
[Site "?"]
[Date "1993.??.??"]
[Round "1"]
[White "Milos, G."]
[Black "Lobron, E."]
[Result "0-1"]
[WhiteElo "2565"]
[BlackElo "2575"]
[PlyCount "114"]
[EventDate "1993.??.??"]
[Source "www.chesslib.no"]
[SourceDate "2004.05.04"]

1. Nf3 d6 2. d4 f5 3. g3 Nf6 4. Bg2 g6 5. b3 Bg7 6. Bb2 O-O 7. O-O a5 8. c4 a4 9. Na3 e6 10. bxa4 Ne4 11. Nb5 Nd7 12. Qb3 Nb6 13. a5 Rxa5 14. Nc3 d5 15. Nxe4 dxe4 16. Ne5 Na4 17. e3 Nxb2 18. Qxb2 Bxe5 19. dxe5 Qe7 20. Rfd1 b6 21. Rd2 Bd7 22. Bf1 Ba4 23. Be2 Qc5 24. Bd1 Bc6 25. Bb3 Qxe5 26. Qxe5 Rxe5 27. Rad1 Rc5 28. Rd8 h5 29. Kf1 Rxd8 30. Rxd8+ Kf7 31. Ke2 Ke7 32. Rh8 Ra5 33. Rh7+ Kd6 34. Rg7 Ba4 35. Rxg6 Bxb3 36. axb3 Ra2+ 37. Ke1 Rb2 38. Rh6 Rxb3 39. Rxh5 Rc3 40. h4 Rxc4 41. Rh8 b5 42. h5 Rc1+ 43. Kd2 Rf1 44. Ke2 Rh1 45. h6 Kc5 46. h7 Kc4 47. g4 fxg4 48. Re8 Rxh7 49. Rxe6 Kd5 50. Rg6 Re7 51. Rxg4 c5 52. f3 exf3+ 53. Kxf3 b4 54. Ke2 Re4 55. Rg1 Rh4 56. Rg2 Kc4 57. Kd2 Kb3 0-1

[Event "JUG-Cup"]
[Site "Herceg Novi"]
[Date "2000.??.??"]
[Round "4"]
[White "Sakaev, Konstantin"]
[Black "Lastin, Alexander"]
[Result "0-1"]
[WhiteElo "2629"]
[BlackElo "2510"]
[PlyCount "56"]
[EventDate "2000.??.??"]
[Source "www.chesslib.no"]
[SourceDate "2004.05.04"]

1. d4 f5 2. Nf3 Nf6 3. g3 g6 4. Bg2 Bg7 5. b4 O-O 6. Bb2 e6 7. c4 Qe7 8. O-O d6 9. Qb3 Nc6 10. c5 a5 11. b5 a4 12. Qc4 d5 13. Qd3 Na5 14. Nbd2 c6 15. b6 Ne4 16. Rac1 Bd7 17. Rfd1 Rfd8 18. Qe3 Be8 19. Nxe4 dxe4 20. Ng5 e5 21. h4 h6 22. Nh3 Bf7 23. dxe5 Nc4 24. Rxd8+ Rxd8 25. Rxc4 Bxc4 26. Nf4 Bf7 27. e6 Bxb2 28. exf7+ Qxf7 0-1

[Event "Nice op"]
[Site "Nice"]
[Date "2000.08.11"]
[Round "6"]
[White "Delchev, Aleksander"]
[Black "Ibragimov, Ildar"]
[Result "1-0"]
[WhiteElo "2557"]
[BlackElo "2575"]
[PlyCount "81"]
[EventDate "2000.08.??"]
[Source "www.chesslib.no"]
[SourceDate "2004.05.04"]

1. Nf3 g6 2. d4 Bg7 3. g3 f5 4. Bg2 Nf6 5. O-O O-O 6. b3 d6 7. Bb2 Qe8 8. Nbd2 Nc6 9. Nc4 e6 10. e3 h6 11. Ne1 Bd7 12. Nd3 Nd8 13. Qe2 Bb5 14. a4 Bxc4 15. bxc4 Nd7 16. a5 Rc8 17. c5 e5 18. a6 b6 19. c6 Nb8 20. dxe5 dxe5 21. Bd5+ Kh7 22. e4 Nbxc6 23. Rae1 Qd7 24. c4 f4 25. gxf4 exf4 26. e5 Ne6 27. Qg4 Ncd8 28. Kh1 h5 29. Qh3 Kh6 30. Rg1 g5 31. f3 c6 32. Be4 Nc5 33. Qxd7 Nxd7 34. e6 Bxb2 35. exd7 Rc7 36. Nxb2 Rxd7 37. Nd3 Rd4 38. h4 g4 39. fxg4 hxg4 40. Rxg4 f3 41. Nf2 1-0

[Event "Open"]
[Site "Metz FRA"]
[Date "2007.04.21"]
[Round "8"]
[White "Burmakin, V."]
[Black "Sikula, V."]
[Result "0-1"]
[WhiteElo "2593"]
[BlackElo "2536"]
[PlyCount "172"]
[EventDate "2007.04.14"]
[Source "www.chesslib.no"]
[SourceDate "2004.05.04"]

1. d4 f5 2. g3 Nf6 3. Bg2 e6 4. Nf3 d6 5. O-O Be7 6. b3 O-O 7. Bb2 Ne4 8. Nbd2 Bf6 9. Ne1 Nxd2 10. Qxd2 e5 11. dxe5 dxe5 12. Qxd8 Rxd8 13. Nd3 Re8 14. Rfe1 c6 15. e4 Na6 16. Re2 fxe4 17. Bxe4 Bg4 18. Re3 Bg5 19. Ree1 Bf6 20. Kg2 Rad8 21. h3 Bc8 22. Re2 Nc7 23. Rae1 Nb5 24. f4 Nd4 25. Bxd4 Rxd4 26. Nxe5 Red8 27. Bd3 g6 28. Nf3 R4d6 29. Re8+ Kg7 30. g4 Rxe8 31. Rxe8 Rd8 32. Re2 Rf8 33. Kg3 Bd8 34. h4 Bc7 35. Re7+ Rf7 36. Re4 Bd6 37. Ne5 Re7 38. Re2 Be6 39. c4 Bc8 40. Re4 Bc5 41. Bc2 Re8 42. Re2 Bd6 43. Kf3 Re7 44. Rd2 Bc7 45. Re2 Bd6 46. Kg3 Re8 47. Bd3 Re7 48. Nf3 Rf7 49. Ne5 Re7 50. Re1 Re8 51. Bf1 h6 52. Nd3 Rxe1 53. Nxe1 g5 54. Ng2 Kf6 55. Bd3 gxf4+ 56. Nxf4 Ke5 57. Ne2 Be7 58. Bh7 b5 59. Bd3 Bd7 60. cxb5 cxb5 61. Nf4 Bxh4+ 62. Kxh4 Kxf4 63. Kh5 Bxg4+ 64. Kxh6 b4 65. Kg6 Ke3 66. Bc4 Be2 67. Be6 Bd3+ 68. Kf6 Kd4 69. Ke7 Bb1 70. Kd6 Bxa2 71. Kc6 Kc3 72. Kb5 Bxb3 73. Bg4 Bc4+ 74. Ka4 b3 75. Bf5 b2 76. Bb1 Bd3 77. Ba2 b1=Q 78. Bxb1 Bxb1 79. Ka3 Kc2 80. Ka4 Kb2 81. Kb4 Bd3 82. Ka4 a6 83. Kb4 Bb5 84. Ka5 Kb3 85. Kb6 Kb4 86. Kc7 a5 0-1

[Event "Helsinki"]
[Site "?"]
[Date "1992.??.??"]
[Round "?"]
[White "Bagirov, V."]
[Black "Gurevich, M."]
[Result "1/2-1/2"]
[WhiteElo "2500"]
[BlackElo "2625"]
[PlyCount "181"]
[EventDate "1992.??.??"]
[Source "ChessBase"]
[SourceDate "1992.06.01"]

1. Nf3 f5 2. d4 Nf6 3. g3 g6 4. Bg2 Bg7 5. b3 O-O 6. Bb2 d6 7. Nbd2 Qe8 8. c4 Na6 9. O-O h6 10. Qc2 g5 11. e4 fxe4 12. Nxe4 Qg6 13. Nxf6+ Qxf6 14. Rae1 Bf5 15. Qd2 Rae8 16. Ba1 Qg6 17. Re3 c6 18. Rfe1 Rf7 19. Bc3 Nc7 20. d5 Bxc3 21. Rxc3 e5 22. dxe6 Rxe6 23. Rxe6 Qxe6 24. h4 gxh4 25. Nxh4 Bh7 26. Re3 Qf6 27. Be4 d5 28. Bxh7+ Kxh7 29. Qc2+ Kg8 30. cxd5 Nxd5 31. Re8+ Kg7 32. Re4 h5 33. Qd2 Kf8 34. Kg2 Rg7 35. Qc1 Rf7 36. Qe1 a6 37. Re5 Re7 38. Rxe7 Nxe7 39. Qb4 b5 40. Qc5 Ke8 41. Qxh5+ Kd8 42. Qc5 Nd5 43. Nf3 Kc8 44. Qa7 Nc7 45. Qd4 Qe7 46. Ne5 c5 47. Qg4+ Ne6 48. f4 Qd6 49. Qf3 Kc7 50. Qd3 Qxd3 51. Nxd3 c4 52. bxc4 bxc4 53. Nb4 Nd4 54. Nxa6+ Kb6 55. Nb4 Kc5 56. a3 c3 57. g4 Kc4 58. g5 Kb3 59. g6 Kxa3 60. Nd3 c2 61. Kh3 Ne6 62. Kg4 Nc5 63. Nc1 Kb2 64. g7 Kxc1 65. g8=Q Kd2 66. Qa2 Nd3 67. f5 Kd1 68. Kf3 Ne5+ 69. Ke4 c1=Q 70. Qd5+ Ke2 71. Kxe5 Qg5 72. Qe4+ Kd1 73. Kd4 Qf6+ 74. Kd3 Qa6+ 75. Qc4 Qa3+ 76. Qc3 Qa6+ 77. Qc4 Qa3+ 78. Ke4 Qe7+ 79. Kf3 Qf6 80. Qe2+ Kc1 81. Qe6 Qh8 82. f6 Qh1+ 83. Kg4 Qg2+ 84. Kh5 Qf3+ 85. Kg6 Qg3+ 86. Kh6 Qf4+ 87. Kg6 Qg3+ 88. Kf7 Qc7+ 89. Ke8 Qb8+ 90. Ke7 Qc7+ 91. Qd7 1/2-1/2

[Event "Pula Croatia"]
[Site "?"]
[Date "1996.??.??"]
[Round "?"]
[White "Cvitan Ognjen"]
[Black "Malaniuk Vladimir P"]
[Result "1/2-1/2"]
[WhiteElo "2540"]
[BlackElo "2585"]
[PlyCount "32"]
[EventDate "1996.??.??"]
[Source "www.chesslib.no"]
[SourceDate "2004.05.04"]

1. d4 f5 2. g3 Nf6 3. Bg2 d6 4. Nc3 d5 5. Nf3 e6 6. O-O Bd7 7. Be3 Bd6 8. Nh4 Ba4 9. b4 Bd7 10. Qc1 c6 11. Rb1 b5 12. Bh6 gxh6 13. Be4 Ng4 14. Kg2 Nxh2 15. Qxh6 Qb6 16. Ng6 Qb7 1/2-1/2

[Event "Werfen op-A"]
[Site "?"]
[Date "1996.??.??"]
[Round "6"]
[White "Burmakin Vladimir"]
[Black "Malaniuk Vladimir P"]
[Result "1/2-1/2"]
[WhiteElo "2505"]
[BlackElo "2610"]
[PlyCount "41"]
[EventDate "1996.??.??"]
[Source "www.chesslib.no"]
[SourceDate "2004.05.04"]

1. d4 f5 2. g3 Nf6 3. Bg2 d6 4. Nf3 g6 5. b3 Bg7 6. Bb2 O-O 7. O-O Ne4 8. Nbd2 Nc6 9. c4 Nxd2 10. Qxd2 e5 11. dxe5 dxe5 12. Qd5+ Kh8 13. Qxd8 Rxd8 14. Rfd1 Rxd1+ 15. Rxd1 e4 16. Nd4 Nxd4 17. Bxd4 Be6 18. f3 exf3 19. Bxf3 c6 20. c5 a5 21. Bxg7+ 1/2-1/2

[Event "Muenster Open"]
[Site "Muenster GER"]
[Date "1995.??.??"]
[Round "6"]
[White "Dydyshko, Viacheslav"]
[Black "Malaniuk, Vladimir P"]
[Result "1/2-1/2"]
[WhiteElo "2495"]
[BlackElo "2615"]
[PlyCount "32"]
[EventDate "1995.??.??"]
[Source "www.chesslib.no"]
[SourceDate "2004.05.04"]

1. d4 f5 2. g3 Nf6 3. Bg2 d6 4. Nf3 g6 5. O-O Bg7 6. c3 a5 7. Nbd2 Nc6 8. Nc4 e6 9. Bg5 h6 10. Bxf6 Qxf6 11. d5 exd5 12. Ne3 Ne7 13. Nxd5 Nxd5 14. Qxd5 c6 15. Qd3 d5 16. Nd4 O-O 1/2-1/2

[Event "Deutschland"]
[Site "?"]
[Date "2004.11.28"]
[Round "3.3"]
[White "Kurajica Bojan"]
[Black "Nijboer Friso"]
[Result "1-0"]
[WhiteElo "2541"]
[BlackElo "2567"]
[PlyCount "63"]
[EventDate "2004.??.??"]
[Source "www.chesslib.no"]
[SourceDate "2004.05.04"]

1. d4 f5 2. g3 Nf6 3. Nh3 g6 4. Nf4 e6 5. Bg2 d6 6. Nc3 Bg7 7. e4 fxe4 8. Nxe4 Nxe4 9. Bxe4 Qf6 10. c3 c6 11. Nd3 e5 12. dxe5 dxe5 13. h4 Bf5 14. Bg5 Qf7 15. Nxe5 Qc7 16. Nc4 O-O 17. Bxf5 Rxf5 18. Qe2 Na6 19. Rd1 b5 20. Bf4 Rxf4 21. gxf4 Qxf4 22. Ne3 Re8 23. Rh3 Nc5 24. Kf1 Qf7 25. h5 g5 26. h6 Be5 27. Ng4 Bh8 28. Re3 Rf8 29. Kg2 Qf5 30. Re8 Bf6 31. Rd6 Nd7 32. Rxd7 1-0

[Event "Nikolaev zt"]
[Site "Nikolaev"]
[Date "1995.??.??"]
[Round "8"]
[White "Neverov, Valeriy"]
[Black "Malaniuk, Vladimir P"]
[Result "1/2-1/2"]
[WhiteElo "2490"]
[BlackElo "2615"]
[PlyCount "79"]
[EventDate "1995.03.??"]
[Source "ChessBase"]

1. d4 f5 2. Nf3 Nf6 3. g3 g6 4. b3 Bg7 5. Bb2 d6 6. Bg2 O-O 7. O-O Qe8 8. Nbd2 Nc6 9. Re1 h6 10. e4 fxe4 11. Nxe4 Nxe4 12. Rxe4 g5 13. c3 Qf7 14. Qd2 Bf5 15. Re3 e5 16. dxe5 dxe5 17. Qe2 Rad8 18. Ba3 e4 19. Nd2 Bg4 20. Qe1 Qxf2+ 21. Qxf2 Rxf2 22. Kxf2 Rxd2+ 23. Kf1 Bf3 24. Bxf3 exf3 25. Rxf3 Rxh2 26. Rd1 Rxa2 27. Bc5 Rb2 28. Rd7 Ne5 29. Rxg7+ Kxg7 30. Bd4 Rxb3 31. Bxe5+ Kg6 32. Bxc7 Kh5 33. Ke2 b5 34. Re3 Ra3 35. Kd2 Ra4 36. Re6 Rc4 37. Ba5 Ra4 38. Bc7 Rc4 39. Ba5 Ra4 40. Bc7 1/2-1/2

[Event "7th Amplico AIG Life 5th-8th"]
[Site "Warsaw POL"]
[Date "2007.12.16"]
[Round "1"]
[White "Bartel, Mat"]
[Black "Malaniuk, V."]
[Result "0-1"]
[WhiteElo "2608"]
[BlackElo "2496"]
[PlyCount "78"]
[EventDate "2007.12.16"]
[Source "www.chesslib.no"]
[SourceDate "2004.05.04"]

1. g3 f5 2. Bg2 Nf6 3. d4 g6 4. Nh3 Nc6 5. d5 Ne5 6. Nf4 c6 7. h4 Nf7 8. c4 e5 9. dxe6 dxe6 10. Qxd8+ Kxd8 11. Nc3 e5 12. Nd3 e4 13. Nf4 Bd6 14. Be3 Kc7 15. O-O-O Be5 16. Nh3 Be6 17. c5 Ng4 18. Bf4 Bxf4+ 19. Nxf4 Rhe8 20. Rhf1 b6 21. Bh3 Nfe5 22. Nxe6+ Rxe6 23. Nxe4 fxe4 24. f3 exf3 25. exf3 bxc5 26. fxg4 Re7 27. g5 c4 28. Kb1 Nd3 29. Rd2 Rae8 30. Kc2 Kb6 31. b3 Nb4+ 32. Kb2 cxb3 33. axb3 Re3 34. Rg1 R8e5 35. Bc8 Ra5 36. Ra1 Nd3+ 37. Rxd3 Rxd3 38. Re1 Rxg3 39. Re7 Rb5 0-1

[Event "BL2-West 0102"]
[Site "Germany"]
[Date "2002.01.20"]
[Round "4.1"]
[White "Fridman, Daniel"]
[Black "Reinderman, Dimitri"]
[Result "1-0"]
[WhiteElo "2562"]
[BlackElo "2537"]
[PlyCount "65"]
[EventDate "2001.10.07"]
[Source "ChessBase"]
[SourceDate "2002.07.08"]

1. Nf3 f5 2. d4 Nf6 3. g3 g6 4. Bg2 Bg7 5. O-O O-O 6. b4 Ne4 7. Bb2 d5 8. Nbd2 c6 9. c4 a5 10. b5 a4 11. Rc1 cxb5 12. cxd5 Qxd5 13. a3 Nc6 14. e3 Nxd2 15. Nxd2 Qd6 16. Rc5 Na7 17. Qc2 Qb6 18. Rc1 Bf6 19. e4 e6 20. d5 exd5 21. e5 Bg7 22. Rxd5 Nc6 23. Rd6 f4 24. Bd5+ Kh8 25. e6 fxg3 26. Bxg7+ Kxg7 27. Qc3+ Kh6 28. Qxg3 Qc7 29. Bxc6 Rf5 30. Ne4 bxc6 31. Qh4+ Rh5 32. Qf4+ g5 33. Qf6# 1-0

[Event "Korinthos op 4th"]
[Site "Korinthos"]
[Date "2000.08.01"]
[Round "8"]
[White "Novikov, Igor A"]
[Black "Potapov, Alexander"]
[Result "1/2-1/2"]
[WhiteElo "2611"]
[BlackElo "2483"]
[PlyCount "81"]
[EventDate "2000.07.25"]
[Source "www.chesslib.no"]
[SourceDate "2004.05.04"]

1. d4 f5 2. g3 Nf6 3. Nf3 g6 4. c4 Bg7 5. b4 a5 6. b5 d6 7. Bb2 O-O 8. Bg2 Qe8 9. O-O e5 10. dxe5 Ng4 11. Nc3 Nxe5 12. Nd4 c6 13. bxc6 bxc6 14. Rc1 Kh8 15. Ndb5 Qe7 16. Nxd6 Na6 17. Nxc8 Rfxc8 18. Na4 Rab8 19. a3 Rd8 20. Qc2 Nc5 21. Bxe5 Qxe5 22. Nxc5 Qxc5 23. Qa4 Bb2 24. Rcd1 Qxa3 25. Bxc6 Qxa4 26. Bxa4 Rxd1 27. Rxd1 Rb4 28. Bb5 a4 29. Rd7 a3 30. Ra7 Rb3 31. Bc6 Bd4 32. Ra8+ Kg7 33. e3 Bc5 34. Ra5 Rb2 35. Rxc5 a2 36. Ra5 Rb1+ 37. Kg2 a1=Q 38. Rxa1 Rxa1 39. h4 Rc1 40. Bd5 Kf6 41. Kf3 1/2-1/2

[Event "RUS"]
[Site "?"]
[Date "2006.04.24"]
[Round "5"]
[White "Gabrielian Artur"]
[Black "Savchenko Boris"]
[Result "1-0"]
[WhiteElo "2520"]
[BlackElo "2568"]
[PlyCount "69"]
[EventDate "2006.??.??"]
[Source "www.chesslib.no"]
[SourceDate "2004.05.04"]

1. g3 f5 2. Bg2 Nf6 3. Nf3 g6 4. d4 Bg7 5. O-O O-O 6. b4 c6 7. c4 a5 8. b5 cxb5 9. cxb5 d6 10. Qb3+ e6 11. Nc3 b6 12. Ba3 Ra7 13. Ng5 Re8 14. e4 Nxe4 15. Ngxe4 fxe4 16. Nxe4 Rd7 17. d5 a4 18. Qd3 Bb7 19. dxe6 Rxe6 20. Rad1 d5 21. Nc3 Kh8 22. Bh3 Rf6 23. Bxd7 Nxd7 24. Rfe1 Rf5 25. Re7 d4 26. f4 Bf6 27. Rde1 Bxe7 28. Bxe7 Qc8 29. Qxd4+ Kg8 30. Bd6 Nf8 31. Re7 Ne6 32. Qe3 Rf6 33. Qe5 Qc4 34. Qxf6 Qd4+ 35. Qxd4 1-0

[Event "Sarajevo"]
[Site "Sarajevo"]
[Date "1988.??.??"]
[Round "?"]
[White "Romanishin, Oleg M"]
[Black "Kovacevic, Vlatko"]
[Result "1/2-1/2"]
[WhiteElo "2570"]
[BlackElo "2515"]
[PlyCount "85"]
[EventDate "1988.03.??"]
[Source "ChessBase"]

1. d4 f5 2. Nf3 Nf6 3. g3 g6 4. Bg2 Bg7 5. b3 c6 6. O-O a5 7. a4 O-O 8. Bb2 d6 9. Nbd2 Na6 10. Ne1 e5 11. dxe5 Ng4 12. Nd3 Nxe5 13. Nxe5 dxe5 14. e4 Qc7 15. Qe2 f4 16. Ba3 Re8 17. Rad1 Bf8 18. Bb2 Nc5 19. Nf3 b6 20. Qc4+ Be6 21. Qc3 Bg7 22. Ng5 h6 23. Nxe6 Nxe6 24. Qc4 Kh7 25. Rd2 h5 26. Rfd1 Rad8 27. Rxd8 Rxd8 28. Rxd8 Nxd8 29. Ba3 Qd7 30. Bf1 Ne6 31. Qd3 Qd4 32. c3 Qxd3 33. Bxd3 Bf8 34. Bb2 Kg7 35. Kg2 Kf6 36. Bc1 Bd6 37. Bc2 b5 38. Bd3 Nc5 39. Bc2 g5 40. h3 Ne6 41. Bd3 Nc5 42. Bc2 Ne6 43. Bd3 1/2-1/2

[Event "Sankt_Peterburg"]
[Site "?"]
[Date "1996.??.??"]
[Round "?"]
[White "Nepomnishay, M."]
[Black "Vyzmanavin, A."]
[Result "1-0"]
[WhiteElo "2470"]
[BlackElo "2610"]
[PlyCount "81"]
[EventDate "1996.??.??"]
[Source "ChessBase"]
[SourceDate "1996.02.01"]

1. d4 f5 2. Nf3 Nf6 3. g3 g6 4. b3 Bg7 5. Bb2 O-O 6. Bg2 d6 7. O-O Ng4 8. Nbd2 f4 9. h3 Nh6 10. g4 Nf7 11. e3 fxe3 12. fxe3 e5 13. c4 exd4 14. exd4 Nc6 15. Ne4 Ne7 16. Qd3 c6 17. Rfe1 d5 18. Nc3 dxc4 19. bxc4 b6 20. Qc2 Ba6 21. Qa4 Bb7 22. Re2 g5 23. Rd1 Ng6 24. Bc1 Nf4 25. Bxf4 gxf4 26. Ne4 c5 27. d5 Bc8 28. Qc2 h5 29. Nf2 Nd6 30. Rde1 Qf6 31. Re7 hxg4 32. Nxg4 Bxg4 33. hxg4 Rae8 34. R7e6 Rxe6 35. Rxe6 Qd8 36. Bh3 b5 37. g5 Nxc4 38. Rc6 Re8 39. Qg6 Kf8 40. Be6 Rxe6 41. Qf5+ 1-0

[Event "Lone Pine Open"]
[Site "Lone Pine, CA USA"]
[Date "1979.??.??"]
[Round "7"]
[White "Gligoric, Svetozar"]
[Black "Lombardy, William J"]
[Result "1/2-1/2"]
[WhiteElo "2560"]
[BlackElo "2520"]
[PlyCount "32"]
[EventDate "1979.03.??"]
[Source "www.chesslib.no"]
[SourceDate "2004.05.04"]

1. d4 f5 2. Nf3 Nf6 3. g3 g6 4. Bg2 Bg7 5. O-O O-O 6. Nbd2 c6 7. b3 d6 8. Bb2 Na6 9. Ne1 Nc7 10. Nd3 Kh8 11. c4 a5 12. a4 Be6 13. Qc2 Bg8 14. Rad1 Ne6 15. e3 Ng5 16. f3 Qc7 1/2-1/2

[Event "Beijing Open"]
[Site "Beijing CHN"]
[Date "1991.??.??"]
[Round "5"]
[White "Eingorn, Vereslav S"]
[Black "Malaniuk, Vladimir P"]
[Result "1/2-1/2"]
[WhiteElo "2575"]
[BlackElo "2500"]
[PlyCount "60"]
[EventDate "1991.03.??"]
[Source "www.chesslib.no"]
[SourceDate "2004.05.04"]

1. d4 f5 2. g3 Nf6 3. Bg2 d6 4. Bg5 e6 5. Nd2 h6 6. Bxf6 Qxf6 7. Ngf3 Nc6 8. c3 e5 9. e4 f4 10. d5 Nd8 11. h4 Be7 12. Bh3 fxg3 13. fxg3 Qg6 14. Kf2 Bxh3 15. Rxh3 h5 16. Kg2 O-O 17. Ng5 Bxg5 18. hxg5 Qxg5 19. Rxh5 Qe3 20. Qe1 Qxe1 21. Rxe1 Rf6 22. Rf1 Rxf1 23. Kxf1 Nf7 24. Ke2 g6 25. Rh4 Kg7 26. Nf3 c6 27. Rh1 Rc8 28. Rd1 Kf6 29. Rf1 Kg7 30. Rd1 Kf6 1/2-1/2